| 000 | 00913nam a2200205 i 4500 | ||
|---|---|---|---|
| 001 | 189898 | ||
| 003 | SpMaBN | ||
| 005 | 20251114121351.0 | ||
| 008 | 191220s1971 sp |||| | spa d | ||
| 080 | _a347.412.917 | ||
| 100 | 1 |
_aCabanillas Gallas, Pío, _d1923-1991 _933147 |
|
| 245 | 1 | 3 |
_aLa finalidad y naturaleza de la exclusiva _b: discurso leído el día 11 de septiembre de 1970, en la solemne sesión de ingreso del académico D. Pío Cabanillas Gallas y contestación del Excmo. Señor Manuel Taboada Roca, conde de Borrajeiros. |
| 260 |
_aLa Coruña : _bAcademia Gallega de Jurisprudencia y Legislación, _c1971. |
||
| 300 |
_a87 p. ; _c27 cm. |
||
| 650 | 7 |
_aObligaciones (Derecho) _915660 |
|
| 700 | 1 |
_aTaboada Roca, Manuel, _cConde de Borrajeiros _9109031 |
|
| 710 | 2 |
_aAcademia Gallega de Jurisprudencia y Legislación. _91197 |
|
| 852 |
_aES-MaACL _jL-32481 |
||
| 999 |
_c189898 _d189898 |
||